Six short stories / (Record no. 14485)

MARC details
000 -LEADER
fixed length control field 00824cam a22001932 4500
001 - CONTROL NUMBER
control field 0000009440
005 - DATE AND TIME OF LATEST TRANSACTION
control field 20151217160120.0
008 - FIXED-LENGTH DATA ELEMENTS--GENERAL INFORMATION
fixed length control field 081028s xx 000 0 eng d
020 ## - INTERNATIONAL STANDARD BOOK NUMBER
International Standard Book Number 0333038932 :
Terms of availability KES 397.50
040 ## - CATALOGING SOURCE
Original cataloging agency KABU
Transcribing agency KABU
245 10 - TITLE STATEMENT
Title Six short stories /
Statement of responsibility, etc. by six British authors of the last hundred years; retold by E. F. Dodd.
260 ## - PUBLICATION, DISTRIBUTION, ETC. (IMPRINT)
Place of publication, distribution, etc. Oxford :
Name of publisher, distributor, etc. Macmillan Education,
Date of publication, distribution, etc. 1958.
300 ## - PHYSICAL DESCRIPTION
Extent 113 p.
505 0# - FORMATTED CONTENTS NOTE
Formatted contents note The Bagman's story / Charles Dickens - Malachi's cove / Anthony Trollope - The Fisherman and his soul / Oscar Wilde - The Bottle imp / R. L. Stevenson - The Melancholy Hussar of the German legion / Thomas Hardy - The Country of the blind / H. G. Wells.
700 1# - ADDED ENTRY--PERSONAL NAME
Personal name Dodd, E. F.
-- 0000161132
908 ## - PUT COMMAND PARAMETER (RLIN)
Put command parameter 081028
950 ## - LOCAL HOLDINGS (RLIN)
-- 1
Holdings
Withdrawn status Lost status Source of classification or shelving scheme Not for loan Home library Current library Date acquired Total Checkouts Full call number Barcode Date last seen Price effective from Koha item type
    Library of Congress Classification   Kabarak, Main Campus Kabarak, Main Campus 17/12/2015   PZ6 .D63S5 c. 1 15359 17/12/2015 17/12/2015 Children Collection
Designed with assistance from East African Informatics Ltd